Our lady of Alice Bhatti / (Record no. 77292)

MARC details
000 -LEADER
fixed length control field 00514nam a22001817a 4500
005 - DATE AND TIME OF LATEST TRANSACTION
control field 20130822143954.0
010 ## - LCCN (DPL NO)
LC control number ENG-107882
020 ## - INTERNATIONAL STANDARD BOOK NUMBER
Terms of availability 299.00
International Standard Book Number 9788184001730
035 ## - SYSTEM CONTROL NUMBER
System control number EN-91415
037 ## - SOURCE OF ACQUISITION
Source of stock number/acquisition DBAD/PUB
082 ## - DEWEY DECIMAL CLASSIFICATION NUMBER
Classification number N
100 ## - MAIN ENTRY--PERSONAL NAME
Personal name Hanif , Mohammed
245 00 - TITLE STATEMENT
Title Our lady of Alice Bhatti /
Statement of responsibility, etc by Hanif Mohammed
260 ## - PUBLICATION, DISTRIBUTION, ETC. (IMPRINT)
Place of publication, distribution, etc Noida
Name of publisher, distributor, etc Random House Publishers
Date of publication, distribution, etc 2012
270 ## - ADDRESS
Address Windsor IT Park, 7th Floor, Tower-B, A-1, Sec-125
City Noida
Postal code 201301
300 ## - PHYSICAL DESCRIPTION
Extent 339p.
Dimensions 20cm(pbk)
942 ## - ADDED ENTRY ELEMENTS (KOHA)
Source of classification or shelving scheme Dewey Decimal Classification
Item type English Books
Call number suffix HAN
Classification part N
Holdings
Withdrawn status Lost status Not for loan Collection code Home library Current library Date acquired Source of acquisition Cost, normal purchase price Full call number Barcode Copy number Cost, replacement price Koha item type
    Not For Loan Fiction D.B.Act.Division D.B.Act.Division 08/07/2013 DBAD/PUB 299.00 N HAN EN-91415 1 299.00 English Books

© Delhi Public Library
Hit Counter
free hit counter